Vocabulaire d'allemand #2 - Statistiques

Statistiques générales
  • Ce quiz a été pris 93 fois
  • Le résultat moyen est 13 sur 43
Statistiques - réponses
Français Allemand % Correct
la maison das Haus
76%
le jardin der Garten
65%
les jardin die Gärten
65%
à la maison zu Hause
65%
construire bauen
59%
éteindre ausschalten / ausmachen
47%
la terrasse die Terrasse
47%
les terrasses die Terrassen
47%
allumer einschalten / anmachen
47%
observer beobachten
41%
le toit das Dach
41%
le balcon der Balkon
41%
le chauffage die Heizung
41%
Les chauffages die Heizungen
41%
l'escalier die Treppe
41%
les escalier die Treppen
41%
bon marché billig
29%
le sol der Boden
29%
les sols die Böden
29%
les toits die Dächer
29%
les maison die Häuser
29%
le loyer die Miete
29%
les loyers die Mieten
29%
le mur die Wand
29%
les murs die Wände
29%
ranger aufräumen
24%
déballer auspacken
24%
quitter son logement, déménager ausziehen, wegziehen
24%
les balcons die Balkons
24%
emballer einpacken
24%
emménager, déménager einziehen, umziehen
24%
l'ascenseur der Lift
12%
le/la sans abri der Obdachlose / die Obdachlose
12%
les ascenceurs die Lifte
12%
les sans abri die Obdachlosen
12%
sans abri obdachlos
12%
être SDF obdachlos sein
12%
devenir SDF obdachlos werden
12%
se sentir à l'aise sich wohlfühlen
12%
le plafond die Decke
6%
les plafonds die Decken
6%
l'absence de domicile fixe die Obdachlosigkeit
6%
aménager einrichten
0%
Aucun quiz correspondant
Distribution des résultats
% des personnes avec chaque résultat
Percentile par nombre de réponses
Votre historique - résultats
Vous n’avez pas pris ce quiz